000 00363nam a22001337a 4500
999 _c528893
_d528893
003 NUST
038 _aMSOHAIL
082 _a0
100 _aامام احمد رضا خان
_920702
245 _aترجمعہ کنزالایمان مع تفسیرخزاہنالفرقان
260 _aKarachi
_bMaktab-ul-Madina
_c2009
300 _a1186,p;
_c25cm
942 _2ddc
_cBK